[Event "Hoogeveen Essent op"]
[Site "Hoogeveen"]
[Date "2006.10.21"]
[Round "2"]
[White "Van Delft, Merijn"]
[Black "Gurevich, Mikhail"]
[Result "0-1"]
[WhiteElo "2404"]
[BlackElo "2648"]
[Annotator "Gurevich,M"]
[PlyCount "86"]
[EventDate "2006.10.21"]
[EventType "swiss"]
[EventRounds "9"]
[EventCountry "NED"]
[SourceTitle "CBM 116"]
[Source "ChessBase"]
[SourceDate "2007.02.01"]
[SourceVersion "1"]
[SourceVersionDate "2007.02.01"]
[SourceQuality "1"]

1. e4 e6 2. d4 d5 3. Nc3 Nf6 4. e5 Nfd7 5. f4 c5 6. Nf3 Nc6 7. Be3 Be7 8. Qd2
O-O 9. Bd3 (9. Be2 a6 10. O-O b5 11. Nd1 b4 12. Nf2 Qb6 (12... a5 13. Nd3 c4
14. Nf2 Ba6 15. c3 a4 16. a3 bxa3 17. bxa3 Rb8 18. Bd1 Rb3 19. Bc2 Qa5 20. Nd1
f5 21. exf6 Nxf6 22. Qc1 $13 {1-0 Jakovenko,D-Ni Hua/Ergun CHN 2006/The Week
in Chess 614 (46)}) 13. c3 a5 14. g4 Ba6 15. Nd3 bxc3 16. bxc3 cxd4 17. cxd4
Nb4 18. f5 Rac8 19. Nfe1 Bg5 20. Nxb4 Bxe3+ 21. Qxe3 Bxe2 22. Rf4 {0-1
Timofeev,A-Wang Hao/Taiyuan CHN 2006/The Week in Chess 609 (66)} g5 $5 $15)
9... c4 $5 {TN} 10. Be2 Rb8 (10... b5 $5 11. a3 Rb8 $132) 11. f5 $5 b5 12. a3 (
12. fxe6 $5 fxe6 13. a3 $14 {/\14.0-0}) 12... Nb6 $1 {[/\13...exf5]} 13. fxe6 (
13. f6 gxf6 14. O-O Nd7 $5 15. Bh6 fxe5 $5 $132) 13... Bxe6 14. O-O (14. Nxb5
Na4 15. Nc3 (15. b3 Rxb5 16. bxa4 Rb2 $44) 15... Nxb2 16. O-O Qa5 $132 {
[/\17...Na4]}) 14... Nd7 $1 {[/\a7-a5,b5-b4<=><<]} 15. Kh1 $5 (15. Ng5 Nxd4 $1
(15... Ndxe5 16. Nxe6 fxe6 17. Rxf8+ Bxf8 18. dxe5 d4 19. Bf2 dxc3 20. Qxc3 $14
) 16. Nxe6 Nxe2+ 17. Qxe2 (17. Nxe2 fxe6 18. Bxa7 Bc5+ 19. Bxc5 Nxc5 $132)
17... fxe6 18. Bxa7 Bc5+ $5 $132) 15... a5 16. Bf4 (16. a4 $5) 16... b4 17.
axb4 axb4 18. Nd1 Nb6 {[/\19...Ra8]} (18... Ra8 $5 19. Rxa8 Qxa8 $132 20. Bxc4
$6 dxc4 21. d5 Ncxe5 $1 22. dxe6 fxe6 $15) 19. Ne3 Ra8 20. Ng1 $6 (20. b3 $5
Ra3 $5 (20... cxb3 21. cxb3 $14) 21. bxc4 Nxc4 22. Nxc4 dxc4 $132) 20... Qd7
21. Nf3 Rxa1 22. Rxa1 Ra8 23. Rxa8+ Nxa8 24. b3 (24. Ng5 Nc7 {/\Qd7-a7-a1|^<<})
24... Nb6 25. Kg1 Qa7 $5 26. Qd1 (26. bxc4 dxc4 $15) 26... h6 27. h3 Qa3 $5 $15
28. bxc4 dxc4 29. d5 Bc5 30. dxe6 (30. dxc6 Nd5 $1 $36) 30... Bxe3+ 31. Bxe3
Qxe3+ 32. Kf1 (32. Kh1 Qc5 33. exf7+ Kxf7 34. Qf1 Ke6 $15) 32... Qc5 $1 (32...
fxe6 33. Qd6 $36) 33. exf7+ (33. Qd6 Qxd6 34. exd6 fxe6 $15) 33... Kxf7 34. Qd2
Nd5 $17 35. g4 Ke6 36. g5 Ne3+ 37. Ke1 Nxe5 38. gxh6 (38. Nd4+ Qxd4 39. Qxd4
Nxc2+) 38... gxh6 39. Qd8 (39. c3 Nxf3+ 40. Bxf3 b3 41. Ke2 Nf5 $17) 39...
Nxf3+ 40. Bxf3 Nxc2+ $19 41. Kf1 (41. Kd2 Qd4+ $19) 41... Ke5 42. Qh8+ Kf4 43.
Be2 Qf5 $1 0-1

[Event "Nuremberg LGA Cup 5th"]
[Site "Nuremberg"]
[Date "2008.09.07"]
[Round "6"]
[White "Bachmann, Axel"]
[Black "Berelowitsch, Alexander"]
[Result "0-1"]
[WhiteElo "2511"]
[BlackElo "2557"]
[Annotator "Gutman,L"]
[PlyCount "72"]
[EventDate "2008.09.04"]
[EventType "swiss"]
[EventRounds "7"]
[EventCountry "GER"]
[SourceTitle "CBM 126 Extra"]
[Source "ChessBase"]
[SourceDate "2008.11.05"]
[SourceVersion "1"]
[SourceVersionDate "2008.11.05"]
[SourceQuality "1"]

1. e4 e6 2. d4 d5 3. Nc3 Nf6 4. e5 Nfd7 5. f4 c5 6. Nf3 Nc6 7. Be3 cxd4 8. Nxd4
Bc5 9. Qd2 O-O 10. O-O-O a6 11. Nb3 Bb4 12. Bd3 Na5 {Eine ziemlich seltene
Fortsetzung.} ({Öfter kommt} 12... b5 {vor, wie Morozevich gegen Anand, San
Luis 2005, spielte.}) 13. g4 Qc7 ({In Geller-Luther, Dresden 2006, folgte} 
13... Nxb3+ 14. axb3 Nc5 15. Qf2 Nxd3+ 16. Rxd3 f6 17. Bd4 fxe5 18. Bxe5 a5 19.
Qd4 Qe7 20. Rh3 $14 {mit weißer Initiative.}) 14. Nxa5 Bxa5 15. Bd4 Bb6 16.
Bxb6 Nxb6 17. Qe3 ({Nichts spricht gegen} 17. h4 $5 Bd7 ({oder} 17... f6 18.
exf6 Rxf6 19. Ne2 Bd7 20. h5 $14) 18. h5 Bb5 19. Kb1 Bxd3 20. cxd3 $14 {
mit besseren Perspktiven für Weiß.}) 17... f6 18. Qh3 ({Einfacher war} 18. exf6
Rxf6 19. Ne2 $14 {und Weiß behält mehr vom Spiel.}) 18... g6 19. Qg3 $2 ({
In dieser Variante muss das d4-Feld ständig kontrolliert werden. Richtig war} 
19. Qe3 fxe5 20. fxe5 Bd7 21. h4 Nc4 22. Bxc4 Qxc4 23. Rd4 {, um} Rf1+ {mit}
24. Kd2 Rxh1 25. Rxc4 $14 {zu begegnen.}) 19... fxe5 20. fxe5 Bd7 21. h4 Nc4
22. Rhe1 Rac8 23. Nb1 ({Auch nach} 23. Bxc4 Qxc4 24. h5 g5 $15 {dominiert
Schwarz das Geschehen.}) 23... Bb5 24. b3 ({Auf} 24. c3 {käme stark} d4 $5 25.
Bxc4 Qxc4 26. b3 Qc5 $17) 24... Na5 25. c3 Bxd3 26. Rxd3 Nc6 27. Kb2 Qf7 28.
Nd2 ({Hartnäckiger wäre} 28. Re2 Qf4 29. Nd2 b5 30. Rf3 Qxg3 31. Rxg3 b4 32. c4
$15 {gewesen.}) 28... Qf2 29. Ka3 Qxg3 30. Rxg3 Rf2 31. Rd3 Rcf8 32. h5 g5 33.
c4 a5 34. Rd1 Nb4 35. Rg3 dxc4 36. bxc4 Rd8 0-1

[Event "Amsterdam Euwe Memorial"]
[Site "Amsterdam"]
[Date "1994.05.12"]
[Round "1"]
[White "Short, Nigel D"]
[Black "Timman, Jan H"]
[Result "1-0"]
[WhiteElo "2655"]
[BlackElo "2620"]
[Annotator "Hansen,Cu"]
[PlyCount "61"]
[EventDate "1994.05.12"]
[EventType "tourn"]
[EventRounds "6"]
[EventCountry "NED"]
[EventCategory "18"]
[SourceTitle "CBM 041"]
[Source "ChessBase"]
[SourceDate "1994.08.01"]
[SourceVersion "1"]
[SourceVersionDate "1994.08.01"]
[SourceQuality "1"]

1. e4 e6 2. d4 d5 3. Nc3 Nf6 4. e5 Nfd7 5. f4 c5 6. Nf3 Nc6 7. Be3 Qb6 8. Na4
Qa5+ 9. c3 cxd4 $6 (9... c4) 10. b4 Nxb4 (10... Qc7 11. Nxd4 Nxd4 (11... g5 12.
Bb5 (12. g3 gxf4 13. gxf4 Nxd4 14. Bxd4 Nb8 15. Rg1 Nc6 16. Bb5 Bd7 17. Bxc6
Bxc6 18. Nc5 $14 {Koc,W-Monin,NN/corr/1991/}) 12... Nb6 13. Nxb6 axb6 14. O-O
gxf4 15. Bxf4 Bd7 16. Nf5 Qd8 17. Nd6+ Bxd6 18. exd6 Qf6 19. Qd2 Rg8 20. Rae1
Ra3 21. Bh6 Qxc3 22. Bxc6 bxc6 23. Qf2 f6 24. Re3 {1-0/Nunn,J-Wockenfuss/BL/
1984/}) (11... a6 12. Nxc6 (12. Nb3 Be7 13. Bd3 $14 {Belarej,A-Owosina,T/Dubai
ol/1986/}) (12. Qd2 b5 13. Nb2 Nb6 14. Bd3 Be7 15. O-O Bd7 16. Rae1 $16 {
Apicella,M-Harris,M/Oakham/1990/}) 12... bxc6 13. Rb1 Be7 14. Bd3 c5 15. O-O d4
16. cxd4 cxb4 17. f5 Nb6 18. Rc1 Qd8 19. Nxb6 Qxb6 20. Qf3 Bb7 21. d5 Qa5 22.
fxe6 {1-0/Agdestein,S-Veinger,I/Jerusalem/1986/}) (11... Be7 12. Bd3 g6 13. O-O
b6 14. Nb5 Qb8 15. Qe2 $14 {Fong,J-Ardaman,M/Saint John/1988/}) 12. Bxd4 (12.
Qxd4 Nb8 13. Qd2 g5 $13 {Sanakoev,GK-Zagorovsky,VP/corr/1991/}) 12... Nb8 13.
Bd3 (13. Qg4 b6 14. Bd3 Nc6 15. O-O Bd7 16. Rfc1 Qd8 17. b5 Ne7 18. Nb2 Nf5 19.
a4 $14 {Nagel,H-Thaler,H/OST-chT/1993/}) (13. a3 Nc6 14. Be3 Be7 15. Bd3 O-O
16. O-O Bd7 17. Rf3 g6 18. Nc5 $14 {Suetin,A-Liberzon,V/USSR/1960/}) 13... Nc6
14. Bf2 b6 (14... g6 15. O-O b6 16. a3 Bd7 17. Rc1 Bh6 18. c4 $16 {Van der
Sterren,P-Murey/Hilversum/1984/}) 15. O-O Be7 16. Qg4 O-O 17. Rae1 $14 {
Werner,M-Bohm,T/BL/1988/}) 11. cxb4 Bxb4+ 12. Bd2 Bxd2+ 13. Nxd2 g5 $2 (13...
b6) 14. Rb1 $1 $16 gxf4 (14... a6 15. Nb2 (15. Bd3 gxf4 16. O-O Nxe5 (16... b5
17. Nb2 Nxe5 18. Rxf4 Ng6 19. Bxg6 hxg6 20. Nf3 Qb6 21. Nd3 O-O 22. Nfe5 Ra7
23. Qf3 Qd6 24. Rf6 Rc7 25. Rf1 {1-0/Kalegin,E-Chigvintsev/Russia/1992/}) 17.
Nb6 Rb8 18. Nxc8 Rxc8 19. Rxb7 Nxd3 20. Qh5 O-O 21. Ne4 Rc1 22. Rxc1 Nxc1 23.
Nf6+ Kg7 24. Ne8+ Kh8 25. Qe5+ f6 26. Rxh7+ {1-0/Kalegin,E-Okotchik/Russia/
1992/}) 15... Nc5 16. Bd3 Bd7 17. O-O Qxa2 18. fxg5 Qa3 19. Nf3 $16 {Kuczynski,
R-Dolmatov,S/Polanica Zdroj/1993/}) 15. Bb5 Rb8 (15... Kf8 16. O-O Nxe5 17.
Rxf4 a6 18. Qh5 Ng6 19. Qh6+ Ke7 20. Qg5+ Kf8 21. Rbf1 Qxb5 22. Rxf7+ Ke8 23.
Rxh7 Rxh7 24. Qxg6+ Kd8 25. Qxh7 Bd7 26. Qh8+ Be8 27. Qf6+ Kc7 28. Qe5+ {
1-0/Ziatdinov,R-Barsov,A/UZB-ch/1993/}) (15... Ke7 16. Qg4 Nxe5 17. Qxf4 Bd7
18. O-O b6 19. Qxe5 Qxd2 20. Rxf7+ {1-0/Noomen,J-Ritsema,R/corr/1993/}) 16. Nc5
Qc3 {This move was found by Timman during his preparations for the match
against A.Yusupov in April 1992.} 17. Nd3 (17. Nxd7 Bxd7 18. Bxd7+ Kxd7 19. O-O
Qe3+ 20. Kh1 Qxe5 21. Qa4+ $16) 17... a6 18. Rc1 Qa3 19. Qb3 Qa5 (19... Qxb3
20. Bxd7+ Bxd7 21. Nxb3 $18) 20. Bxd7+ Bxd7 21. Nxf4 $18 {/\Nh5-f6} Rg8 $2 {
Timman} (21... Ke7 $142 {Timman} 22. Qb2 Rhc8 23. O-O Rc3 24. Ne2 $16 {
Riemersma} (24. Nb3)) 22. Qd3 {/\Qxd4/0-0} Rg5 23. O-O Rf5 (23... Rxe5 24. Qxd4
f6 25. Nh5 Rxh5 26. Qxf6 $18) 24. Nb3 Qb6 25. Rf2 Bb5 (25... Rc8 {Riemersma}
26. Rxc8+ Bxc8 27. Nxd5 exd5 28. Rxf5 Bxf5 29. Qxf5 d3+ 30. Kf1 $18) 26. Qg3 {
->} (26. Qxd4 $2 Qxd4 27. Nxd4 Rxe5 $16) 26... Rd8 27. Nh5 Rxf2 28. Qxf2 Bc4
29. Nf6+ Kf8 30. Nxd4 Bxa2 31. Nd7+ 1-0

[Event "Brno"]
[Site "Brno"]
[Date "1993.??.??"]
[Round "7"]
[White "Gofshtein, Leonid D"]
[Black "Chernin, Alexander"]
[Result "1/2-1/2"]
[WhiteElo "2540"]
[BlackElo "2615"]
[Annotator "Hansen,Cu"]
[PlyCount "96"]
[EventDate "1993.08.??"]
[EventType "tourn"]
[EventRounds "9"]
[EventCountry "CZE"]
[EventCategory "13"]
[SourceTitle "CBM 037"]
[Source "ChessBase"]
[SourceDate "1993.12.01"]
[SourceVersion "1"]
[SourceVersionDate "1993.12.01"]
[SourceQuality "1"]

1. e4 e6 2. d4 d5 3. Nc3 Nf6 4. e5 Nfd7 5. f4 c5 6. Nf3 Nc6 7. Be3 cxd4 8. Nxd4
Bc5 9. Qd2 Nxd4 10. Bxd4 Bxd4 11. Qxd4 Qb6 12. Nb5 Qxd4 13. Nxd4 Ke7 (13... Nb6
14. O-O-O {0,5/Felsberger,A-Zier,L/Wien op/1986/}) (13... Nc5 14. Bd3 Bd7 15.
O-O-O h5 16. Rhf1 g6 17. Be2 Ke7 18. Bf3 Rac8 19. b3 $14 {Gurevich,
V-Reichenbach,W/Berlin summer op/1993/}) 14. h4 {/\h4-h5 ><g7} (14. Bd3 Nc5 (
14... Nb8 15. Kd2 Nc6 16. Ke3 Bd7 {0,5/Gipslis,A-Kengis,E/Jurmale/1985/}) (
14... h5 15. Kd2 g6 16. g3 a6 17. h3 Nb6 18. b3 $14 {Kamsky,G-Held,T/Bern op/
1990/}) 15. Ke2 (15. Kd2 Bd7 {0,5/Smirin,I-Ehlvest,J/Komotini GP-1/1992/} 16.
Rae1 g6 17. c3 Rac8 18. Bc2 a6 19. Re3 b5 20. Ra1 Rc7 21. g4 Rcc8 22. Rh3 $14 {
Hazai,L-Borngasser,R/Dusseldorf/1986/}) 15... Bd7 16. Ke3 f6 17. Nf3 Rac8 $10 {
Roese,O-Borngaesser,R/BL/1986/}) (14. g3 Nb8 15. Kd2 Bd7 16. Bd3 Nc6 17. Nf3 h6
18. h4 h5 $10 {Short,N-Chernin,A/Montpellier ct/1985/}) 14... h5 15. Rh3 a6 {
><b5} (15... Nb6 16. a4 $5 (16. Rc3 Bd7 17. Rc7 Rab8 $10)) 16. Rc3 $14 Ra7 17.
b4 f6 (17... Nb6 $6 18. Rc7+ Bd7 $2 19. Nc6+ $18) 18. Rc7 fxe5 19. fxe5 {/\Nc6+
} (19. Nc6+ Kd6 20. Rxc8 (20. Rxd7+ Bxd7 21. Nxa7 Ra8 $17) 20... Rxc8 21. Nxa7
Ra8 $17) 19... Ra8 20. c4 {/\21.cxd5 exd5 22.e6 +-} (20. g3 {/\Bh3,Rd1,c2-c4}
Rh6 21. Bh3 Kd8 22. Nxe6+ Rxe6 23. Rxc8+ Rxc8 24. Bxe6 Rxc2 $10) 20... Re8 {
/\Kd8} 21. cxd5 exd5 22. Rac1 (22. e6 $2 Kd6 23. Rc3 g6 {/\Nf8} (23... Nf6 24.
Nf5+ $13)) 22... Kd8 23. e6 Nf8 24. Rxg7 Nxe6 25. Nxe6+ Bxe6 26. Kd2 $16 a5 27.
b5 Re7 28. Rg5 $6 (28. Rxe7 Kxe7 29. Rc7+ Kd6 30. Rxb7 $16) 28... Kd7 29. Be2 (
29. Rxh5 Rf8 $44) 29... Rf8 {/\Rf2} 30. Rf1 Rxf1 31. Bxf1 Rf7 $1 32. Be2 Rf4
$132 33. Rxh5 Ra4 34. Rh7+ Kd6 35. h5 Rxa2+ 36. Ke1 Ra1+ 37. Kf2 Ra2 38. Kf3
Bf5 39. Rxb7 Be4+ 40. Ke3 Bxg2 {/\d4+,Bxb7} 41. Rg7 (41. h6 $5 d4+ 42. Kxd4
Bxb7 43. h7 Ra4+ 44. Bc4 Bd5 45. h8=Q Rxc4+ 46. Kd3 Kc5 $10) 41... d4+ 42. Kd3
Be4+ 43. Kxe4 Rxe2+ 44. Kxd4 Rh2 45. Rg6+ (45. Rh7 a4 46. b6 a3 47. b7 Rb2 48.
Kc3 Rb1 $10) 45... Kc7 46. Rh6 Kb7 (46... a4 $2 47. Kc5 Rc2+ 48. Kb4 $18) 47.
Kc4 Rc2+ 48. Kb3 Rh2 {Hansen,Cu} 1/2-1/2

[Event "Altensteig"]
[Site "Altensteig"]
[Date "1995.??.??"]
[Round "3"]
[White "Georgiev, Kiril"]
[Black "Zueger, Beat"]
[Result "1/2-1/2"]
[WhiteElo "2605"]
[BlackElo "2470"]
[Annotator "Hansen,Cu"]
[PlyCount "254"]
[EventDate "1995.08.??"]
[EventType "tourn"]
[EventRounds "11"]
[EventCountry "GER"]
[EventCategory "12"]
[SourceTitle "CBM 049"]
[Source "ChessBase"]
[SourceDate "1995.12.01"]
[SourceVersion "1"]
[SourceVersionDate "1995.12.01"]
[SourceQuality "1"]

1. e4 e6 2. d4 d5 3. Nc3 Nf6 4. e5 Nfd7 5. f4 c5 6. Nf3 Nc6 7. Be3 cxd4 8. Nxd4
Qb6 9. Qd2 Qxb2 10. Rb1 Qa3 11. Bb5 Nxd4 (11... Na5 12. f5 Kd8 13. Bg5+ Be7 14.
fxe6 Nxe5 15. Nf5 Bxg5 16. Qxg5+ f6 17. Qd2 Bxe6 18. Nxg7 Bf7 19. O-O Qc5+ 20.
Kh1 Rc8 21. Rxf6 {+- Seret,J. L-Mercier,J. P/FRA ch 40/(358) 1985}) (11... Ndb8
12. O-O a6 (12... Be7 13. Bxc6+ bxc6 14. Ncb5 $5 cxb5 15. Nxb5 Qxa2 16. Nc7+
Kd8 17. Nxa8 Nc6 18. Qc3 Qa6 19. Rb6 $5 axb6 20. Qxc6 Bd7 21. Bxb6+ Ke8 22.
Nc7+ Kf8 23. Qxd7 Qxb6+ 24. Kh1 Qb8 25. Ra1 Ba3 26. h3 $16) 13. Bxc6+ (13. f5
axb5 14. fxe6 Bxe6 15. Nxe6 fxe6 16. Nxb5 Qa5 17. Qf2 Nxe5 18. Bb6 Qa4 19. Bc5
Ra5 20. Bxf8 Rxb5 21. Rxb5 Qxb5 22. Bxg7 Rg8 23. Bxe5 {1-0 Poluljahov,A-Ivanov,
O/URS 1989}) (13. Rb3 Qe7 14. Bxc6+ Nxc6 15. Nxc6 bxc6 16. Na4 $44 {
Rause-Eindelson/Moscow ol (13) 1994 (32)}) 13... bxc6 14. Rb3 Qa5 15. Rxb8 Rxb8
16. Nxc6 Qc7 17. Nxb8 Qxb8 {= Chandler,M-Klinger,J/Vienna 41/(339) 1986}) (
11... Ncb8 12. O-O a6 13. f5 axb5 14. fxe6 Nxe5 15. Ndxb5 Qa5 16. Qxd5 Nbc6 17.
exf7+ $18) 12. Bxd4 Bb4 {[#]} (12... a6 13. Bxd7+ Bxd7 14. Rb3 Qe7 15. Rxb7 Qd8
16. O-O Qc8 17. Rb3 Bc5 18. f5 exf5 19. Nxd5 O-O 20. Nf6+ Kh8 21. Rh3 Bxd4+ 22.
Kh1 {1-0 Golubev,Mihail-Zakharov,Valentin/It (op) II Moscow (RUS) (01) 1995})
13. O-O (13. Rb3 Qa5 14. a3 Be7 15. f5 (15. Qe3 O-O 16. O-O Qc7 17. f5 Bc5 18.
Bxd7 Bxd4 19. Qxd4 Bxd7 20. f6 Rfc8 21. Qg4 $16 {DeFirmian,N-Kaidanov,G/
Kaidanov 30' (05) 1995/1-0 (66)}) 15... exf5 (15... b6 16. O-O Ba6 17. Bxa6
Qxa6 18. Nb5 $44 {Mencinger,V-Rogulj,B/Bled op (7/11) 1992 (29)}) 16. Nxd5 (16.
e6 fxe6 17. Bxg7 Rg8 18. Qh6 Kf7 19. Bxd7 Bxd7 20. Be5 $16 {Van der Wiel-Ree/
NED radio 1986 (34)}) 16... Qxd2+ (16... Bh4+ 17. Kd1 Qd8 18. Nf6+ gxf6 19.
exf6 O-O 20. Rg3+ Kh8 21. Qh6 Rg8 22. Rg7 Nf8 {1-0 De Firmian,N-Huebner,R/
Polanica Zdroj (07) ;CBM 49_08 1995}) 17. Kxd2 Bd8 18. Rg3 a6 19. Bxd7+ Bxd7
20. Rxg7 {1/2-1/2 De Wit,J-Ree,H/Amsterdam II 40/358 1985} (20. Rxg7 Be6 21.
Nf6+ Kf8 $1 $10 {_|_})) (13. f5 exf5 14. O-O O-O 15. Rf3 Bc5 16. Bxd7 Bxd7 17.
Nxd5 Qxa2 18. Rfb3 Bxd4+ 19. Qxd4 Be6 20. Ra1 Qxa1+ $2 (20... Qxc2 $1 21. Nf6+
gxf6 22. Rg3+ Kh8 23. Qh4 Qc5+ 24. Kh1 Qxe5 $19) 21. Qxa1 Bxd5 {1/2-1/2 Nunn,
J-Zueger,B/London 44/(345) 1987}) 13... a6 {N} (13... O-O 14. Rb3 (14. f5 exf5
15. Rf3 (15. Rxf5 Nc5 $5 16. Rf3 Ne6 $5 17. Rg3 Bc5 18. Ne2 $5 Qxa2 19. Rf1 $13
Nxd4 20. Nxd4 Qb2 21. Rxg7+ $10) 15... Bc5 16. Bxd7 Bxd7 17. Nxd5 Qxa2 $15 {
Markovic,I-Machulsky/Novi Sad op (10) 1988 (33)}) (14. Rf3 Bc5 (14... Qa5 15.
Qf2 $5) 15. Ne2 Qxa2 16. Rbf1 b6 $15 {Kolasinski,Marek-Nikolenko,Oleg/Wisla
BES (07) 1992 (45)}) 14... Qa5 {[#]} 15. Qf2 (15. Qe3 Nb6 16. Qg3 Nc4 {1/2-1/2
Ivanchuk,V-Dreev,A/Biel izt (03) 1993}) (15. Rfb1 Qxb5 16. Rxb4 Qc6 {/\ b6,Bb7}
17. Nb5 $5 b6 18. Bb2 Bb7 19. Nd4 Qc7 20. Rb3 Nc5 21. Rh3 Ne4 22. Qe1 $44)
15... f5 (15... a6 $2 16. Bxd7 {/\ Bb6+-} (16. Bxd7 Bxd7 17. Bb6 $16)) (15...
b6 16. f5 $16 (16. f5 $5 exf5 17. Bc6 $16)) (15... Nb6 16. g4 $1 (16. a3 Be7 {
[#]} 17. Ne4 Nc4 18. Nf6+ Bxf6 19. exf6 Qd2 20. fxg7 $16 {Ziatdinov,R-Zueger,B/
Bern op (03) 1994}) (16. f5 $5 exf5 17. Qh4 $5 Bxc3 18. Bxc3 Qxa2 19. Bb4 Qxc2
20. Rh3 $16) 16... Nc4 17. f5 a6 18. f6 $1 $16) 16. Rfb1 (16. Bxd7 Bxd7 17.
Rfb1 Be7 {-> 16.Rfb1}) 16... Be7 (16... Bxc3 17. Bxc3 Qc7 18. Bb4 Re8 19. Bd6
$16 {Kruppa,Y}) 17. Bxd7 {[#]} (17. Nxd5 $6 exd5 18. Bxd7 Bxd7 19. Rxb7 Qd8 $1
20. e6 Bxe6 21. Qe3 Bd7 $1 22. Qe5 Rf7 $1 23. Qxd5 Bc6 $1 24. Qxc6 Qxd4+ 25.
Kh1 Rd8 $17) 17... Bxd7 18. Rxb7 Qd8 (18... Rfd8 19. Nb5 (19. R1b3 $5 Bf8 {[#]}
(19... Ba3 $5) (19... a6 $2 20. Bb6) (19... Ba3 {[#]} 20. Bxa7 Bc6 21. Bb6 Qa6
22. Rc7 Rdc8 $13) 20. Bxa7 (20. Rxa7 $6 Rxa7 21. Bxa7 Rc8 22. Bd4 Rc4 $15)
20... Rac8 $6 (20... Bc6 $5 21. Bb6 Qa6 22. Bxd8 (22. Rc7 Rdc8 $13) 22... Bxb7
23. Qb6 Bc6 24. Qxa6 Bc5+ 25. Kf1 $5 Rxa6 26. Bh4 $5 {/\ Bf2} d4 27. Bf2 dxc3
28. Bxc5 Rxa2 29. Rxc3 Be4 $10) (20... Rxa7 $2 21. Rxa7 $18) 21. Bb6 $1 Qxb6 (
21... Qa6 $6 22. Bxd8 Bc5 23. Qxc5 Rxc5 24. Rxd7 Qc8 $5 25. Be7 $1) 22. R7xb6
Bc5 23. Rd6 $1 $16 Bxf2+ 24. Kxf2 Kf7 25. Ke3 Rc4 $5 26. Ne2 $5 (26. Kd3 $6
Rxf4) (26. g3 $2 d4+ $1 27. Rxd4 Rxd4 28. Kxd4 Ba4+ $15) 26... Ke8 (26... Rxc2
27. Rb7 Ke8 28. Ra7 $16) 27. Nd4 (27. Rb7 $5) 27... Bc8 28. Rbb6 Rxd6 29. Rxd6
Ke7 30. Rc6 $5 Rxc6 31. Nxc6+ Kd7 32. Na7 $5 Ba6 33. Kd4 {1-0/Bangiev,
A-Buchenau,F/Emden/1995/}) 19... Rab8 20. Nd6 Rxb7 21. Rxb7 (21. Nxb7 $2 Rb8
22. Nxa5 Rxb1+ 23. Qf1 Rxf1+ 24. Kxf1 $15) 21... Qxa2 22. h3 Qa4 23. Rxa7 Qc6 {
1/2-1/2 Luther,T-Zueger,B/Mitropa-Cup (06) SWZ-GER ;CBM 26 1991}) 19. Bc5 Bxc5
20. Qxc5 Bc8 21. Rb8 Rxb8 22. Rxb8 d4 23. Ne2 Qd7 24. Nxd4 Rd8 25. Qd6 {
1-0 Kruppa,Y-Kaidanov,Grigory/Naberezhnie Chelni 1988}) (13... O-O {- 46/(365)}
) 14. Rb3 Qa5 15. Rfb1 (15. Bxd7+ Bxd7 16. Rfb1 Bc5 17. Rxb7 Rc8 18. R1b3 Ba4
19. Bxc5 Qxc5+ 20. Kh1 Qc4 (20... Bxb3 21. Ne4 Qxc2 22. Nd6+ Kf8 23. Qxc2 $1
Rxc2 24. Rb8+ Ke7 25. Rb7+ $10) 21. Rb1 O-O 22. Nxa4 Qxa4 $17 {Georgiev,
Kir-Ehlvest,J/Reggio Emilia 49/330 1989/0-1 (61) ><c2, f4}) 15... Ba3 {N} (
15... Qxb5 $8 16. Rxb4 (16. Nxb5 $6 Bxd2 17. Nc7+ Ke7 18. Nxa8 Bxf4 19. Re1 f6
$13 {_|_}) 16... Qc6 17. f5 $1 h6 $1 $8 (17... exf5 $2 18. Qg5 O-O 19. e6 f6
20. Qxf5 Ne5 21. Rb6 $18) 18. f6 gxf6 19. exf6 Qd6 $1 (19... b5 20. a4 bxa4 21.
Nxa4 {/\ Nb6} e5 22. Bxe5 $1 Nxe5 23. Re1 Qe6 24. Rb6 $18) 20. a4 $16 {
Georgiev,Kir-Dolmatov,S/Moscow (GMA) 49/331 1990 (31)} (20. Rb6 $2 Nxb6 21.
Rxb6 Qc7 {/\ Bd7, 0-0-0-/+} 22. Qe3 Bd7 23. Nxd5 Qxc2 24. Ne7 Bb5 $17 {/\ Rd8})
) (15... axb5 16. Rxb4 $16) (15... Be7 16. Bxd7+ Bxd7 17. Rxb7 $16 (17. Rxb7
Rc8 (17... Bc5 18. Rb8+ Ke7) 18. Qe3 Bc5 19. Ne2 Bxd4 20. Nxd4 Qc5 21. f5 exf5
22. e6 fxe6 (22... Bxe6 23. Rxf7 Kxf7 24. Rb7+ Rc7) 23. Rxd7 {[#]} e5 (23...
Kxd7 24. Rb7+ Rc7 25. Rxc7+ $1 Qxc7 26. Qxe6+ Kd8 27. Nc6+) 24. Qxe5+ Kxd7 25.
Qxg7+ Kd6 26. Rb7 {1-0 Enders,P-Prohl/GER-ch 1994}) (17. Kh1 b5 {Magem Badals}
(17... f5 $44 {Magem Badals}) 18. f5 $44 {Magem Badals,J}) (17. Qf2 Rc8 18. f5
Bc5 19. Kh1 Bxd4 20. Qxd4 Rc4 21. Qa7 Qc5 $17 {Dearing,Eddie-Swan,Iain/Nat Ch 
(08) 1995 (39)})) 16. Bxd7+ Bxd7 {[#]} 17. Ne4 {/\ 18.Bb6,ףa5} (17. Kh1 Bc5 (
17... b5 18. Qe3 $18 (18. Qe3 Rb8 19. Nxd5 $16)) 18. Bxc5 (18. Rxb7 Rc8 19.
Bxc5 Rxc5 20. R1b3 Bc8 $10 {Ernst,T-Manninen,M/Reykjavik zt (09) ,CBM 47 1995 
(35)}) 18... Qxc5 19. Rxb7 Rd8 (19... Rc8 $4 20. Ne4 $18) 20. Ne2 $10 {Magem
Badals,J-Zueger,B/Horgen SKA (04)}) (17. Rxb7 Rc8 18. Kh1 Bc5 $15) (17. Qe3 Rc8
18. Rxb7 Rc4 (18... Bc5 19. Ne2 Bxd4 20. Nxd4 Rd8 $14) 19. f5 Bc8 20. fxe6 fxe6
21. Rxg7 Rxd4 22. Qg5 Qxc3 23. Qh5+ Kd8 24. Qg5+ Ke8 25. Qh5+ {1/2-1/2 Santo
Roman,M-Zueger,B/Moscow olm (10) FRA-SUI ,EXP 44 1994}) 17... Qxd2 (17... Qa4
18. Rb4) 18. Nxd2 Be7 19. Rxb7 Bc6 (19... Bb5 20. g4 (20. c4 dxc4 21. a4 Bxa4
22. Nxc4 Bb5 23. Nd6+ Bxd6 24. exd6 O-O-O 25. Ra7 Rxd6 26. Be5 {1-0 Luther,
Thomas-Zuger,Beat/Altensteig (01) 1995}) 20... h5 21. g5 Rc8 22. c3 Bd8 23. Kf2
O-O 24. Ke3 Rc7 25. Rxc7 Bxc7 26. Nb3 Rc8 27. Kd2 Kh7 $15 {Enders,P-Zueger,B/
Ptuj zt (04) ,CBM 47 1995 (49)}) 20. Rc7 Bb5 21. c4 Bd8 22. Rc5 dxc4 23. Nxc4
O-O 24. Be3 Be7 25. Nd6 Rfd8 $10 26. Rd1 Bxd6 $6 (26... Rd7) 27. exd6 Rac8 28.
Rxc8 Rxc8 29. Bb6 Bd7 30. Bc7 $14 {[%csl Rc8] צc8} Kf8 31. Kf2 Ke8 32. Ke3 Bc6
33. Kd4 Kd7 34. Rd3 f6 35. g3 Re8 36. Ra3 e5+ (36... Bb5 $5 {/\37..e5+ 38.fxe5
Rxe5}) 37. fxe5 fxe5+ 38. Ke3 Bb5 39. Ra5 e4 40. a4 Bd3 41. Rf5 Ke6 42. Rf2 h5
43. h3 Rh8 44. Kd4 g5 45. g4 hxg4 46. hxg4 Rh1 47. Rf5 Rd1 48. Re5+ Kd7 49. Kc5
Rc1+ 50. Kd5 Bc4+ 51. Kd4 Be6 52. Rxg5 Rc4+ 53. Ke3 Rxa4 54. Rg7+ Kc6 55. g5 a5
56. g6 Ra1 57. Re7 Bd7 58. g7 Rg1 59. Bxa5 Kxd6 60. Bb4+ Kc7 61. Kxe4 Kd8 62.
Ke5 Ba4 63. Ra7 Bb3 64. Be7+ Kc8 65. Bd6 Re1+ 66. Kf5 Rf1+ 67. Bf4 Rg1 68. Bg5
Rf1+ 69. Kg6 Bc2+ 70. Kh5 Bd1+ 71. Kh4 Bb3 72. Ra3 Be6 73. g8=Q+ Bxg8 74. Ra8+
Kd7 75. Rxg8 Rg1 76. Rg6 Rg2 77. Ra6 Rg1 78. Kh5 Rg2 79. Kg6 Rf2 80. Bf6 Rf1
81. Kf7 Rf3 82. Ra8 Rf1 83. Rd8+ Kc7 84. Rd5 Kc6 85. Rg5 Kd6 86. Rg2 Rf5 87.
Re2 Kd5 88. Ke7 Rh5 89. Rd2+ Ke4 90. Ke6 Rh6 91. Rd4+ Ke3 92. Ra4 Rh5 93. Be5
Rh7 94. Kd5 Rd7+ 95. Bd6 Rd8 96. Re4+ Kd3 97. Re7 Rg8 98. Bc7 Rg5+ 99. Be5 Rg8
100. Rd7 Re8 101. Rg7 Rd8+ 102. Bd6 Ke3 103. Rg3+ Kf2 104. Ra3 Ke2 105. Ke5
Re8+ 106. Kf4 Rd8 107. Be5 Rd3 108. Ra5 Rf3+ 109. Ke4 Re3+ 110. Kd5 Rb3 111.
Bd4 Kd3 112. Ra1 Rb5+ 113. Bc5 Rb3 114. Rg1 Rb8 115. Rg3+ Ke2 116. Ke4 Re8+
117. Kf4 Re6 118. Bd4 Re8 119. Be5 Rf8+ 120. Ke4 Re8 121. Rg2+ Kf1 122. Ra2 Re7
123. Kf4 Rf7+ 124. Ke3 Re7 125. Rf2+ Kg1 126. Rf5 Re8 127. Kf3 Re6 1/2-1/2